000 00868nam a2200253 i 4500
001 bg
100 1 _aDENDURA, Kazimierz
245 1 0 _aMetodyka wdrożenia systemu zarządzania jakością w kształceniu akademickim /
_cKazimierz Dendura ; Akademia Morska w Gdyni.
260 _aGdynia :
_bWydaw. Uczelniane AM,
_c2002.
300 _a148, [3] s. ;
_c24 cm.
504 _aBibliogr., wykaz norm.
650 9 _aJakość
_xzarządzanie
_xmetody
650 9 _aSzkolnictwo wyższe
_xorganizacja
_zPolska
650 9 _aSzkolnictwo wyższe
_xzarządzanie
_zPolska
710 0 _aAkademia Morska (Gdynia)
020 _a8387438170
040 _cBPK
041 0 _apl
080 _a378:658.56](438)
920 _a83-87438-17-0
942 _cKS
008 s pl f |000 0 pol
999 _c41053
_d41053
856 _uhttp://koha.tu.koszalin.pl/cgi-bin/koha/opac-detail.pl?biblionumber=41053
_yKatalog online BPK